| 000 | 03378cam a22006614i 4500 | ||
|---|---|---|---|
| 003 | PE-LiUPU | ||
| 005 | 20250731173431.0 | ||
| 008 | 150706s2011 pe rb 000 0 spa d | ||
| 020 | _a997260411X | ||
| 020 | _a9789972604119 | ||
| 035 | _a(Sirsi) i9789972604119 | ||
| 040 |
_aPE-LiUPU _bspa _cPE-LiUPU _erda |
||
| 049 | _aPRUA | ||
| 082 | 0 | 4 |
_a234.6 _bN94 _221 |
| 082 | 0 | 4 |
_a253.5 _bN94 _221 |
| 100 | 1 |
_aNúñez, Miguel Angel, _eautor. |
|
| 245 | 1 | 0 |
_aCon afán de servir : _bReflexiones de líderes para líderes / _cMiguel Ángel Núñez. |
| 264 | 1 |
_aLima : _bCentro de aplicación Editorial Imprenta Unión, _c2011. |
|
| 300 |
_a298 páginas ; _c21 centímetros |
||
| 336 |
_atext _2rdacontent |
||
| 337 |
_aunmediated _2rdamedia |
||
| 338 |
_avolume _2rdacarrier |
||
| 505 | 0 | _aY Salió sin saber a dónde iba -- El varón celestial -- Creados para vivir en comunidad -- Soy lo que soy -- El cordero sacrificado. | |
| 526 | _aSEG42 | ||
| 526 | _aSEG41 | ||
| 526 | _aSEG40 | ||
| 526 | _aSEG39 | ||
| 526 | _aP94 | ||
| 526 | _aP87 | ||
| 526 | _aP86 | ||
| 526 | _aP85 | ||
| 526 | _aP77 | ||
| 526 | _aP76 | ||
| 526 | _aP35 | ||
| 541 | _48696-1002. | ||
| 650 | 0 | 4 | _aLiderazgo. |
| 910 |
_abgr _bksl _cksl _d20190924 |
||
| 942 |
_2ddc _cBOOK |
||
| 949 |
_a234.6 N 94 _wDEWEY _c1 _i67005 _lCCODEBUL1 _mBUL _r0 _sY _tBOOK _u2015-7-6 _xBIBLIOTECA _zUNKNOWN _o.STAFF. Colección General |
||
| 949 |
_a234.6 N 94 _wLC _c1 _i48696-1002 _lCIW _mBUL _p00.00 _r1 _sY _tBOOK _u2016-07-19 _xWHITE _zUNKNOWN _0COMPRA _o.STAFF. Centro White |
||
| 949 |
_a234.6 N 94 _wLC _c1 _i48696-1003 _lCIW _mBUL _p00.00 _r1 _sY _tBOOK _u2016-07-19 _xWHITE _zUNKNOWN _0COMPRA _o.STAFF. Centro White |
||
| 949 |
_a234.6 N94 2011 _wDEWEY _c1 _iFT00410 _lCCODEBUT1 _mBUT _r0 _sY _tBOOK _u2015-7-6 _xFSALUD _PP33 _o.STAFF. Colección General Tarapoto |
||
| 949 |
_a234.6 N94 2011 _wDEWEY _c1 _iFJ01978 _lCCODEBUJ1 _mBUJ _p20.00 _r0 _sY _tBOOK _u2016-09-24 _xSALUD _PP33 _o.STAFF -- Colección General Juliaca |
||
| 994 |
_aC0 _bPEPRU |
||
| 596 | _a1 2 3 4 | ||
| 999 |
_a155.6 N94 _wDEWEY _c54901 _iFT00410 _d54901 _e2019-9-4 _f2019-2-20 _g1 _lCCODEBUT1 _mBUT _n1 _p28.00 _r0 _sY _tBOOK _u2015-10-5 _xSALUD _PP33 _0COMPRA _o.STAFF. Colección General Tarapoto |
||
| 999 |
_a253.5 N94 2011 _wDEWEY _c1 _iCW65384 _f2021-12-22 _g2 _lCCODECWL1 _mBWL _p5.00 _r0 _sY _tBOOK _u2015-7-6 _xWHITE _zUNKNOWN _o.STAFF. Centro White |
||
| 999 |
_a253.5 N94 2011 _wDEWEY _c2 _iCW67005 _d2018-5-21 _f2021-12-22 _g2 _lCCODECWL1 _mBWL _p5.00 _r0 _sY _tBOOK _u2018-5-21 _xWHITE _o.STAFF. Centro White |
||
| 999 |
_a253.5 N94 2011 _wDEWEY _c3 _iCW48696 _d2018-5-21 _f2021-12-22 _g2 _lCCODECWL1 _mBWL _p5.00 _r0 _sY _tBOOK _u2018-5-21 _xWHITE _o.STAFF. Centro White |
||
| 999 |
_a253.5 N94 2011 _wDEWEY _c4 _iCW48697 _f2022-5-31 _g1 _lCCODECWL1 _mBWL _r0 _sY _tBOOK _u2022-5-31 _xWHITE _zALL _0COMPRA |
||
| 999 |
_a234.6 N94 _wDEWEY _c1 _i80679 _f2021-11-10 _g3 _lCCODEBUL1 _mBUL _p28.00 _r0 _sY _tBOOK _u2019-9-24 _xTEOLOGIA _PP35 _0COMPRA _o.STAFF. Colección Teología |
||
| 999 |
_a234.6 N94 _wDEWEY _c1 _iFJ01978 _f2022-2-3 _g2 _lREPAIR _mBUJ _p20.00 _r0 _sY _tBOOK _u2019-9-24 _xSALUD _PP33 _0COMPRA _o.STAFF. Colección Ciencias de la Salud |
||
| 980 |
_81 _gALBERTO SANCHEZ Responsable de Automatización |
||